| 000 | 00638nam a2200205 a 4500 | ||
|---|---|---|---|
| 001 | 000037776 | ||
| 005 | 20201002031119.0 | ||
| 008 | 130306s1974 sp c 000 0 spa d | ||
| 020 | _a8495121408 | ||
| 040 |
_aDO-SdBNP _bspa _cBNPHU |
||
| 100 | 1 |
_aWalsh, Raoul _964227 |
|
| 240 | 1 | 0 |
_aEach man in his time _linglés |
| 245 | 1 | 0 |
_aRaoul Walsh el cine en sus manos / _cRaoul Walsh ; traductor Francisco Delgado. |
| 260 |
_aMadrid : _bEurocolor, _c1974. |
||
| 300 |
_a366 p. : _bretrs. ; _c25 cm. |
||
| 490 | 1 | _aClásicos | |
| 504 | _aBibliografía : p. 347-348 | ||
| 700 | 1 |
_aDelgado, Francisco, _etrad. _964228 |
|
| 830 | 0 |
_aClásicos _99850 |
|
| 999 |
_c37266 _d37266 |
||